Las claves del x̌ito de la inversin̤ en energa̕s renovables La transicin̤ de un modelo econm̤ico ±energv̕oro» a un modelo econm̤ico sostenible /

Detalles Bibliográficos
Autor principal: Morales Plaza, Jos ̌Ignacio
Formato: eBook
Lenguaje:español
Publicado: Madrid: Marcial Pons, 2012
Materias:
Acceso en línea:Acceso restringido

MARC

LEADER 00000nam a22000007a 4500
005 20170214002419.0
007 cr|||| ||||
008 170214s2012 es |||||s|||| 00||0 spa d
020 |a 978-84-9123-170-7 
035 |a 14691 
040 |a vLex 
090 |c 6538  |d 6538 
100 1 |a Morales Plaza, Jos ̌Ignacio 
245 1 3 |a Las claves del x̌ito de la inversin̤ en energa̕s renovables  |h [Recurso electrn̤ico] :  |b La transicin̤ de un modelo econm̤ico ±energv̕oro» a un modelo econm̤ico sostenible /  |c Jos ̌Ignacio Morales Plaza 
256 |a Servicio en ln̕ea 
260 |a Madrid:  |b Marcial Pons,  |c 2012 
300 |a 1 recurso electrn̤ico 
506 1 |a Disponible solo en los productos indicados  |d vLex Global  |d vLex Global (Academic Edition, excluding Law Schools)  |d vLex Global (U.S. Academic Edition, Law Schools)  |d vLex Global (U.S. Academic Edition, excluding Law Schools)  |d vLex Global (Academic Edition, Law Schools) 
650 0 4 |a Derecho del Medio Ambiente  |z Espaą 
740 0 |a vLex Libros (Servicio en ln̕ea) 
856 4 0 |u http://vlex.com/source/claves-exito-inversion-energias-renovables-14691  |z Acceso restringido 
942 |c BOOK 
999 0 |a Environmental Law